MARC details
| 000 -CABECERA |
| campo de control de longitud fija |
02016cam a2200361 a 4500 |
| 001 - NÚMERO DE CONTROL |
| campo de control |
000015817 |
| 005 - FECHA Y HORA DE LA ÚLTIMA TRANSACCIÓN |
| campo de control |
20260312134858.0 |
| 008 - DATOS DE LONGITUD FIJA--INFORMACIÓN GENERAL |
| campo de control de longitud fija |
870925m19882001pr a s010 0 spa d |
| 020 ## - NÚMERO INTERNACIONAL ESTÁNDAR DEL LIBRO |
| Número Internacional Estándar del Libro |
0847736628 |
| 040 ## - FUENTE DE LA CATALOGACIÓN |
| Centro catalogador/agencia de origen |
DO-SdBNP |
| Lengua de catalogación |
spa |
| Centro/agencia transcriptor |
BNPHU |
| 082 ## - NÚMERO DE LA CLASIFICACIÓN DECIMAL DEWEY |
| Número de clasificación |
PR868.2 |
| Número de documento/Ítem |
H831o, 1988-2001 |
| 100 1# - ENTRADA PRINCIPAL--NOMBRE DE PERSONA |
| Nombre de persona |
Hostos, Eugenio María de, |
| Fechas asociadas al nombre |
1839-1903 |
| 9 (RLIN) |
1352 |
| 245 10 - MENCIÓN DE TÍTULO |
| Título |
Obras completas / |
| Mención de responsabilidad, etc. |
E. M. de Hostos. |
| 260 ## - PUBLICACIÓN, DISTRIBUCIÓN, ETC. |
| Lugar de publicación, distribución, etc. |
Río Piedras : |
| Nombre del editor, distribuidor, etc. |
Instituto de Cultura Puertorriqueña : |
| -- |
Universidad de Puerto Rico, |
| Fecha de publicación, distribución, etc. |
1988-2001. |
| 300 ## - DESCRIPCIÓN FÍSICA |
| Extensión |
v. : |
| Otras características físicas |
il., retrs. ; |
| Dimensiones |
22 cm. |
| 500 ## - NOTA GENERAL |
| Nota general |
v.5. publicado por San Juan, P.R. : Editorial de la Universidad de Puerto Rico : Instituto de Estudios Hostosianos, 2001. |
| 500 ## - NOTA GENERAL |
| Nota general |
Incluye referencias bibliográficas y notas al pie de las páginas |
| 500 ## - NOTA GENERAL |
| Nota general |
La biblioteca posee v.1.,t.1; v.1, t.2; v.1, t.3; v.2, t.1; v.3, t.1; v.8, t.1; v.9, t.1 |
| 504 ## - NOTA DE BIBLIOGRAFÍA, ETC. |
| Nota de bibliografía, etc. |
Incluye bibliografías e índices. |
| 505 0# - NOTA DE CONTENIDO CON FORMATO |
| Nota de contenido con formato |
vol. 1. Literatura: pt. 1. La peregrinación de Bayoán; pt.2. Cuento. Teatro. Poesía. Ensayo; pt.3. Crítica; pt. 4 La tela de araña .-- |
| Información miscelánea |
v.2. |
| Título |
Diario: pt. 1. 1866-1869. |
| Información miscelánea |
v.3. |
| Título |
Epistolario: pt. 1. Epistolario (1865-1878)-- |
| Información miscelánea |
v.5. |
| Título |
Puerto Rico Madre Isla : pt. 1. -- |
| Información miscelánea |
v.6. |
| Título |
Educación: pt. 1. Ciencia de la pedagogía. -- |
| Información miscelánea |
v.8. |
| Título |
Sociología: pt. 1. Tratado de sociología. |
| Información miscelánea |
v.9. |
| Título |
Filosofía: pt. 1. Tratado de moral |
| 600 14 - PUNTO DE ACCESO ADICIONAL DE MATERIA--NOMBRE DE PERSONA |
| Nombre de persona |
HOSTOS Y BONILLA, EUGENIO MARÍA DE, |
| Fechas asociadas al nombre |
1839-1903 |
| Subdivisión general |
COLECCIONES DE ESCRITOS |
| 9 (RLIN) |
35606 |
| 650 #4 - PUNTO DE ACCESO ADICIONAL DE MATERIA--TÉRMINO DE MATERIA |
| Término de materia o nombre geográfico como elemento de entrada |
Autores puertorriqueños |
| Subdivisión general |
Diarios |
| 9 (RLIN) |
35607 |
| 650 #4 - PUNTO DE ACCESO ADICIONAL DE MATERIA--TÉRMINO DE MATERIA |
| Término de materia o nombre geográfico como elemento de entrada |
Ensayos puertorriqueños |
| 9 (RLIN) |
8892 |
| 650 #4 - PUNTO DE ACCESO ADICIONAL DE MATERIA--TÉRMINO DE MATERIA |
| Término de materia o nombre geográfico como elemento de entrada |
Novela puertorriqueña |
| 9 (RLIN) |
1185 |
| 650 #0 - PUNTO DE ACCESO ADICIONAL DE MATERIA--TÉRMINO DE MATERIA |
| Término de materia o nombre geográfico como elemento de entrada |
Ética social |
| 9 (RLIN) |
1353 |
| 650 #4 - PUNTO DE ACCESO ADICIONAL DE MATERIA--TÉRMINO DE MATERIA |
| Término de materia o nombre geográfico como elemento de entrada |
Derecho constitucional |
| Subdivisión general |
Ensayos, conferencias, etc. |
| 9 (RLIN) |
35608 |
| 650 #4 - PUNTO DE ACCESO ADICIONAL DE MATERIA--TÉRMINO DE MATERIA |
| Término de materia o nombre geográfico como elemento de entrada |
Educación |
| Subdivisión general |
Ensayos, conferencias, etc. |
| 9 (RLIN) |
31150 |
| 650 #4 - PUNTO DE ACCESO ADICIONAL DE MATERIA--TÉRMINO DE MATERIA |
| Término de materia o nombre geográfico como elemento de entrada |
Literatura puertorriqueña |
| 9 (RLIN) |
250 |
| 700 1# - PUNTO DE ACCESO ADICIONAL--NOMBRE DE PERSONA |
| Nombre de persona |
López, Julio César, |
| Término indicativo de función/relación |
ed. |
| 9 (RLIN) |
9028 |
| 700 1# - PUNTO DE ACCESO ADICIONAL--NOMBRE DE PERSONA |
| Nombre de persona |
Quiles Calderín, Vivian, |
| Término indicativo de función/relación |
ed. |
| 9 (RLIN) |
9027 |
| 700 1# - PUNTO DE ACCESO ADICIONAL--NOMBRE DE PERSONA |
| Nombre de persona |
Reyes Dávida, Marcos, |
| Término indicativo de función/relación |
pról. |
| 9 (RLIN) |
35609 |
| 910 ## - DATOS DE OPCIÓN DEL USUARIO (OCLC) |
| Datos de opción del usuario |
Validado. Control de calidad MFF |